Riconosci il Pokémon - Quiz n°191 - Statistics

Statistiche generali
  • Questo quiz è stato fatto 5 volte
  • Il punteggio medio è 8 su 10
Statistiche sulle risposte
Indizio Risposta % Corretto
Tipo Roccia / Coleottero
100%
Generazione Terza
100%
Altezza 1,5 m
80%
Tasso di cattura 45 (11.9%)
80%
Peso 68,2 kg
80%
Sesso 87.5% ♂, 12.5% ♀
80%
Abilità Lottascudo; Nuotovelox
80%
Stadio evoluzione Prima evoluzione
80%
Pokémon Armaldo
60%
Tasso di allevamento Irregolare
60%
Nessun quiz corrispondente trovato
Distribuzione punteggi
Percentuale di utenti per punteggio
Percentile per numero di risposta
I tuoi punteggi nel tempo
Non hai fatto questo quiz